000
00286nam a2200121 a 4500
008
101022s1961|||| d
245
1
0
_a
Bolo raz zelené údolie
100
1
_a
Llewellyn, Richard
260
_b
Smena
_a
Bratislava
_c
1961
044
_a
xo
_c
SK
041
_a
slo
020
_c
34
999
_c
12084
_d
12084